| 000 | 00612nam a2200205 a 4500 | ||
|---|---|---|---|
| 005 | 20210219161503.0 | ||
| 008 | 081009s1990 mx r 000 0 spa d | ||
| 020 | _a8170412862 | ||
| 035 | _aUPN01000186182 | ||
| 049 | _aUNE | ||
| 080 | _a373.5 (540) =20 "1990" RAM | ||
| 100 | 1 | _aRam Sahima, Sita | |
| 245 | 1 | 0 |
_aEducational development in India / _cSita Ram Sharma. |
| 260 |
_aNwe Delhi, India : _bAnmol Publications, _c1990. |
||
| 300 | _a349 p. | ||
| 500 | _aIncluye bibliografía | ||
| 690 | _aPlanificacion de la educacion- India | ||
| 690 | _aDesarrollo de la educacion- India | ||
| 905 | _aUNESCO | ||
| 999 |
_c158285 _d158285 |
||